| 000 | 00430pab a2200145 454500 | ||
|---|---|---|---|
| 008 | 180718b1985 xxu||||| |||| 00| 0 eng d | ||
| 100 | _aRay, S.K. | ||
| 245 | _aPopulation pressure and agricultural intensification in Uttar Pradesh | ||
| 260 | _c1985 | ||
| 300 | _a105-22 | ||
| 362 | _aApr.-June | ||
| 650 | _aAgricultural Development - India - Uttar Pradesh | ||
| 773 | _aIndian Journal of Agricultural Economics | ||
| 909 | _a3499 | ||
| 999 |
_c3499 _d3499 |
||